<?xml version="1.0" encoding="UTF-8"?><?xml-stylesheet type="text/xsl" href="static/style.xsl"?><OAI-PMH xmlns="http://www.openarchives.org/OAI/2.0/" xmlns:xsi="http://www.w3.org/2001/XMLSchema-instance" xsi:schemaLocation="http://www.openarchives.org/OAI/2.0/ http://www.openarchives.org/OAI/2.0/OAI-PMH.xsd"><responseDate>2026-04-14T13:46:49Z</responseDate><request verb="GetRecord" identifier="oai:uvadoc.uva.es:10324/20573" metadataPrefix="marc">https://uvadoc.uva.es/oai/request</request><GetRecord><record><header><identifier>oai:uvadoc.uva.es:10324/20573</identifier><datestamp>2021-06-29T16:37:36Z</datestamp><setSpec>com_10324_38</setSpec><setSpec>col_10324_852</setSpec></header><metadata><record xmlns="http://www.loc.gov/MARC21/slim" xmlns:doc="http://www.lyncode.com/xoai" xmlns:xsi="http://www.w3.org/2001/XMLSchema-instance" xmlns:dcterms="http://purl.org/dc/terms/" xsi:schemaLocation="http://www.loc.gov/MARC21/slim http://www.loc.gov/standards/marcxml/schema/MARC21slim.xsd">
<leader>00925njm 22002777a 4500</leader>
<datafield tag="042" ind1=" " ind2=" ">
<subfield code="a">dc</subfield>
</datafield>
<datafield tag="720" ind1=" " ind2=" ">
<subfield code="a">Rodríguez Ordóñez, Carolina</subfield>
<subfield code="e">author</subfield>
</datafield>
<datafield tag="260" ind1=" " ind2=" ">
<subfield code="c">2016</subfield>
</datafield>
<datafield tag="520" ind1=" " ind2=" ">
<subfield code="a">El presente Trabajo de Fin de Grado se ha desarrollado con el objetivo de estudiar el bullying&#xd;
o maltrato entre iguales en todas sus dimensiones, abordando un marco teórico referente del&#xd;
acoso escolar y sus posibles causas y consecuencias, así como su relación cuando se da&#xd;
relacionado con el trastorno por déficit de atención e hiperactividad, puesto que en determinados&#xd;
casos, este trastorno está acompañado de episodios de bullying, en los que un alumno o alumna o&#xd;
bien es acosado/a o bien puede llegar a actuar como agresor/a. Por lo tanto, se ha tenido en&#xd;
cuenta la importancia de prevenir este fenómeno en este tipo de alumnado.&#xd;
Este análisis se realiza ofreciendo pautas antibullying dirigidas tanto al profesorado como a la&#xd;
comunidad educativa, en sus distintos ámbitos, para que así puedan tener presentes los recursos&#xd;
necesarios para hacer frente a este fenómeno, especialmente en los contextos en que exista&#xd;
alumnado con TDAH.&#xd;
Además, finalmente se exponen una serie de consideraciones finales a partir de las reflexiones&#xd;
realizadas en el desarrollo de este trabajo.</subfield>
</datafield>
<datafield tag="024" ind2=" " ind1="8">
<subfield code="a">http://uvadoc.uva.es/handle/10324/20573</subfield>
</datafield>
<datafield ind1=" " ind2=" " tag="653">
<subfield code="a">[Pendiente de asignar]</subfield>
</datafield>
<datafield tag="245" ind1="0" ind2="0">
<subfield code="a">Pautas de prevención e intervención contra el bullying en centros de educación primaria con alumnado con trastorno por déficit de atención e hiperactividad</subfield>
</datafield>
</record></metadata></record></GetRecord></OAI-PMH>